| 000 | 00399cam a2200145ua 4500 | ||
|---|---|---|---|
| 041 |
_amal _h |
||
| 082 |
_a616 _bSRI/SA |
||
| 100 | _aSri Rama Varma, . | ||
| 245 |
_aSadharana Rogangalum avayude Nivarana margangalum / _cSri Rama Varma. _hTextual Documents |
||
| 260 |
_a : _bMalayala Bhasha Parishkarana committee , _c1966. |
||
| 300 | _a200 ; . | ||
| 504 | _a | ||
| 942 | _cBK | ||
| 999 |
_c717 _d717 |
||